| 000 | 01105cam a22001934a 4500 | ||
|---|---|---|---|
| 005 | 20250605164358.0 | ||
| 008 | 250528s ||||||||||||||||||||||||d | ||
| 035 | _a24455 | ||
| 040 |
_aGR-AtMCL _bgre _dGR-AtMCL _eAACR2 |
||
| 245 | 1 | _aΟι Μητέρες ήταν και θα είναι Ένα Κοινό που Ενδιαφέρει τα Brands / Care Direct | |
| 260 | _c2018 | ||
| 300 | _a66 | ||
| 520 | _aΗ Αγορά μας Έχει Ανάγκη από Δομικές Μεταβολές, Οι Μητέρες Ήταν και θα Είναι Ένα Κοινό που Ενδιαφέρει τα Brands, Ζοφερή η Κατάσταση και η Κυβέρνηση Αγνοεί τον Κλάδο, Στόχος μας να Φέρουμε Περισσότερους Ανθρώπους Κοντά στον Αθλητισμό, Σε μια Επιτυχημένη Επιχείρηση οι Πελάτες δεν Είναι Προαιρετικοί. | ||
| 700 | 1 |
_aΚορδελάς Δημήτρης _99464 |
|
| 942 | _cCR | ||
| 710 | 2 |
_aThe Marketing Week _99825 |
|
| 999 |
_c9334 _d9334 |
||